| 000 | 00000nam##2200000za#4500 |
| 001 | 9.564283 |
| 003 | CaOODSP |
| 005 | 20210624175244 |
| 007 | cr ||||||||||| |
| 008 | 150406|2008||||xxc|||||o f|0| 0 eng|d |
| 040 | |aCaOODSP|beng |
| 043 | |an-cn--- |
| 086 | 1 |aNH18-24/7-2008E-PDF |
| 110 | 2 |aCanada Mortgage and Housing Corporation. |
| 245 | 10|aAfter the flood : |h[electronic resource]|ba homeowner's checklist |
| 260 | |bCanada Mortgage and Housing Corporation |cc1996, revised 2008. |
| 300 | |a4p. |
| 490 | 1 |aAbout your house|vCE7 |
| 590 | |a08-27|b2008-07-04 |
| 775 | 08|tAprès une inondation : |w(CaOODSP)9.596059 |
| 776 | 0#|tAfter the flood : |w(CaOODSP)9.618905 |
| 830 | #0|aAbout your house ;|vCE7|w(CaOODSP)9.505388 |
| 856 | 40|ahttp://publications.gc.ca|qPDF|s595 Kb|uhttps://publications.gc.ca/collections/collection_2008/cmhc-schl/nh18-24/NH18-24-7-2008E.pdf|yCE7 |